000 00526nam a2200169 a 4500
005 20140412111232.0
008 020410s19uu xx 00 eng d
020 _a0-00-197135-2
050 _aTR(GS 513
_bHo758 1984
100 _aHolt, Michael
245 _aCount to 5: orange book /
_cby Michael Holt; illustrated by Rowan Barnes-Murphy.
260 _aLondon :
_bCollins Educational,
_c1984.
300 _a28 p. ; ill.
650 _aMath
_xJuvenile literature
650 _aCounting
_xJuvenile literature
999 _c102189
_d102189